000 00575nam a2200193 i 4500
001 100354
003 ES-MaACL
005 20251221161701.0
007 t|
008 050926s1969 sp ||||1| spa d
100 1 _aMascall, Eric Lionel.
_978675
245 1 0 _aCristianismo secularizado
_b: análisis y crítica /
_cE. L. Mascall; [traducción de J. Valero].
250 _a[1ª ed.].
260 _aBarcelona :
_bKairós,
_c1969.
300 _a286 p. ;
_c21 cm.
700 0 _aValero, Javier
_9112656
852 _aES-MaACL
_jC-49958
_bR.71320
999 _c100354
_d100354